LEADER 02529nam 22005535 450 001 9910698653603321 005 20251225205504.0 010 $a9783031306341 010 $a3031306341 024 7 $a10.1007/978-3-031-30634-1 035 $a(CKB)5710000000116589 035 $a(DE-He213)978-3-031-30634-1 035 $a(MiAaPQ)EBC7238837 035 $a(Au-PeEL)EBL7238837 035 $a(PPN)269655247 035 $a(MiAaPQ)EBC7237349 035 $a(EXLCZ)995710000000116589 100 $a20230415d2023 u| 0 101 0 $aeng 135 $aurnn#008mamaa 181 $ctxt$2rdacontent 182 $cc$2rdamedia 183 $acr$2rdacarrier 200 10$aAdvances in Cryptology ? EUROCRYPT 2023 $e42nd Annual International Conference on the Theory and Applications of Cryptographic Techniques, Lyon, France, April 23-27, 2023, Proceedings, Part IV /$fedited by Carmit Hazay, Martijn Stam 205 $a1st ed. 2023. 210 1$aCham :$cSpringer Nature Switzerland :$cImprint: Springer,$d2023. 215 $a1 online resource (XVII, 660 p. 160 illus., 75 illus. in color.) 225 1 $aLecture Notes in Computer Science,$x1611-3349 ;$v14007 311 08$a9783031306334 311 08$a3031306333 320 $aIncludes bibliographical references and index. 330 $aThis five-volume set, LNCS 14004 - 14008 constitutes the refereed proceedings of the 42nd Annual International Conference on Theory and Applications of Cryptographic Techniques, Eurocrypt 2023, which was held in Lyon, France, in April 2023. The total of 109 full papers presented were carefully selected from 415 submissions. They are organized in topical sections as follows: Theoretical Foundations; Public Key Primitives with Advanced Functionalities; Classic Public Key Cryptography; Secure and Efficient Implementation, Cryptographic Engineering, and Real-World Cryptography; Symmetric Cryptology; and finally Multi-Party Computation and Zero-Knowledge. 410 0$aLecture Notes in Computer Science,$x1611-3349 ;$v14007 606 $aCryptography 606 $aData encryption (Computer science) 606 $aCryptology 615 0$aCryptography. 615 0$aData encryption (Computer science) 615 14$aCryptology. 676 $a929.605 702 $aHazay$b Carmit 702 $aStam$b Martijn 801 0$bMiAaPQ 801 1$bMiAaPQ 801 2$bMiAaPQ 906 $aBOOK 912 $a9910698653603321 996 $aAdvances in Cryptology ? EUROCRYPT 2023$93106962 997 $aUNINA